000
00281nam a2200121Ia 4500
008
190216s9999||||xx |||||||||||||| ||und||
100
_a
Theral O Moore
245
0
_a
Complex Analysis
260
_b
Allied Publications
_c
1995
300
_a
391
650
_a
Mathematics
942
_c
BK
999
_c
31809
_d
31809